000 00609nam a2200229Ia 4500
001 20847
003 DO-CoUTE
005 20260204212534.0
008 220104s9999 dr 000 0 spa d
020 _a007-010662-2
040 _aDO-CoUTE
_bspa
_cDO-CoUTE
041 0 _aspa
082 _a621.31042 C333m
100 1 _aChapman, Stephen J.
245 1 0 _aMaquinas Electricas / Stephen J. Chapman
260 _aBogotá, Colombia : McGraw-HILL
300 _a655 páginas
650 4 _aMaquinas Electricas
942 _2ddc
_cBK
999 _c20178
_d20178